Informe sobre el Servicio Municipal de Pompas Fúnebres
Descripción Física:
41 p. ; 33 cm
MARC
| LEADER | 00000nam a2200000Ia 4500 | ||
|---|---|---|---|
| 001 | 19652 | ||
| 008 | 160829s1953 xx 000 0 cat d | ||
| 080 | |a FU-10-14 | ||
| 110 | 1 | |a Barcelona (Catalunya). |b Servicio Municipal de Pompas Fúnebres |9 56275 | |
| 245 | |a Informe sobre el Servicio Municipal de Pompas Fúnebres | ||
| 260 | |a Barcelona : |b Casa Provincial de Caridad, |c 1953 | ||
| 300 | |a 41 p. ; |c 33 cm | ||
| 590 | |a Prové de J-1453. Hi ha un duplicat a: DUP-120 que prové de J-1476, exp. 4 | ||
| 650 | |a Barcelona. Servei Municipal de Pompes Fúnebres | ||
| 710 | |a Casa de Caritat (Barcelona, Catalunya) |9 52406 | ||
| 856 | 4 | |u https://media.diba.cat/diba/fitxers/arxiu/fulletons/bib_19652_1953_baixa.pdf |y Accés lliure | |
| 856 | 4 | |u https://media.diba.cat/diba/fitxers/arxiu/fulletons/bib_19652_1953_baixa.pdf |y Accés lliure | |
| 901 | |a Arxiu | ||
| 942 | |n 1 | ||
| 952 | |0 0 |1 0 |4 0 |6 FU1014 |7 1 |9 54677 |a Arxiu |b Arxiu |d 2016-12-01 |l 0 |o FU-10-14 |p 19652 |r 2016-12-01 00:00:00 |w 2016-12-01 |y ARXIU | ||
| 999 | |c 58546 |d 58546 | ||